<?xml version="1.0" encoding="UTF-8"?>
<record
    xmlns:xsi="http://www.w3.org/2001/XMLSchema-instance"
    xsi:schemaLocation="http://www.loc.gov/MARC21/slim http://www.loc.gov/standards/marcxml/schema/MARC21slim.xsd"
    xmlns="http://www.loc.gov/MARC21/slim">

  <leader>00483ntaaa2200193   4500</leader>
  <controlfield tag="003">01</controlfield>
  <controlfield tag="005">20251027200653.0</controlfield>
  <controlfield tag="008">0714s1973  ag    01 </controlfield>
  <datafield tag="040" ind1=" " ind2=" ">
    <subfield code="a">AR-BaBN</subfield>
    <subfield code="b">spa</subfield>
    <subfield code="c">AR-BaBN</subfield>
    <subfield code="e">aacr</subfield>
    <subfield code="d">RIC</subfield>
  </datafield>
  <datafield tag="082" ind1=" " ind2=" ">
    <subfield code="a">220.7 K28</subfield>
  </datafield>
  <datafield tag="245" ind1=" " ind2=" ">
    <subfield code="a">Layman's Bible Commentary / </subfield>
    <subfield code="c">Balmer Kelly</subfield>
  </datafield>
  <datafield tag="250" ind1=" " ind2=" ">
    <subfield code="a">1 ed.</subfield>
  </datafield>
  <datafield tag="260" ind1=" " ind2=" ">
    <subfield code="a">Richmond : </subfield>
    <subfield code="b">J. Knok, </subfield>
    <subfield code="c">1959</subfield>
  </datafield>
  <datafield tag="300" ind1=" " ind2=" ">
    <subfield code="a">25 v</subfield>
  </datafield>
  <datafield tag="650" ind1=" " ind2=" ">
    <subfield code="a">Biblia-Comentario</subfield>
  </datafield>
  <datafield tag="650" ind1=" " ind2=" ">
    <subfield code="a">Biblia-Introduccion</subfield>
    <subfield code="9">229</subfield>
  </datafield>
  <datafield tag="700" ind1=" " ind2=" ">
    <subfield code="a">Kelly, Balmer </subfield>
    <subfield code="9">2845</subfield>
  </datafield>
  <datafield tag="942" ind1=" " ind2=" ">
    <subfield code="c">BK</subfield>
  </datafield>
  <datafield tag="999" ind1=" " ind2=" ">
    <subfield code="c">1235</subfield>
    <subfield code="d">1235</subfield>
  </datafield>
  <datafield tag="952" ind1=" " ind2=" ">
    <subfield code="0">0</subfield>
    <subfield code="1">0</subfield>
    <subfield code="4">0</subfield>
    <subfield code="7">0</subfield>
    <subfield code="a">BP</subfield>
    <subfield code="b">BP</subfield>
    <subfield code="d">2025-10-27</subfield>
    <subfield code="i">016441</subfield>
    <subfield code="l">0</subfield>
    <subfield code="o">220.7 K28</subfield>
    <subfield code="p">016441</subfield>
    <subfield code="r">2025-10-27 20:06:53</subfield>
    <subfield code="w">2025-10-27</subfield>
    <subfield code="y">R</subfield>
  </datafield>
  <datafield tag="952" ind1=" " ind2=" ">
    <subfield code="0">0</subfield>
    <subfield code="1">0</subfield>
    <subfield code="4">0</subfield>
    <subfield code="7">0</subfield>
    <subfield code="a">BP</subfield>
    <subfield code="b">BP</subfield>
    <subfield code="d">2025-10-27</subfield>
    <subfield code="i">016442</subfield>
    <subfield code="l">0</subfield>
    <subfield code="o">220.7 K28</subfield>
    <subfield code="p">016442</subfield>
    <subfield code="r">2025-10-27 20:06:53</subfield>
    <subfield code="w">2025-10-27</subfield>
    <subfield code="y">R</subfield>
  </datafield>
  <datafield tag="952" ind1=" " ind2=" ">
    <subfield code="0">0</subfield>
    <subfield code="1">0</subfield>
    <subfield code="4">0</subfield>
    <subfield code="7">0</subfield>
    <subfield code="a">BP</subfield>
    <subfield code="b">BP</subfield>
    <subfield code="d">2025-10-27</subfield>
    <subfield code="i">016443</subfield>
    <subfield code="l">0</subfield>
    <subfield code="o">220.7 K28</subfield>
    <subfield code="p">016443</subfield>
    <subfield code="r">2025-10-27 20:06:53</subfield>
    <subfield code="w">2025-10-27</subfield>
    <subfield code="y">R</subfield>
  </datafield>
  <datafield tag="952" ind1=" " ind2=" ">
    <subfield code="0">0</subfield>
    <subfield code="1">0</subfield>
    <subfield code="4">0</subfield>
    <subfield code="7">0</subfield>
    <subfield code="a">BP</subfield>
    <subfield code="b">BP</subfield>
    <subfield code="d">2025-10-27</subfield>
    <subfield code="i">017706</subfield>
    <subfield code="l">0</subfield>
    <subfield code="o">220.7 K28</subfield>
    <subfield code="p">017706</subfield>
    <subfield code="r">2025-10-27 20:06:53</subfield>
    <subfield code="w">2025-10-27</subfield>
    <subfield code="y">R</subfield>
  </datafield>
  <datafield tag="952" ind1=" " ind2=" ">
    <subfield code="0">0</subfield>
    <subfield code="1">0</subfield>
    <subfield code="4">0</subfield>
    <subfield code="7">0</subfield>
    <subfield code="a">BP</subfield>
    <subfield code="b">BP</subfield>
    <subfield code="d">2025-10-27</subfield>
    <subfield code="i">016444</subfield>
    <subfield code="l">0</subfield>
    <subfield code="o">220.7 K28</subfield>
    <subfield code="p">016444</subfield>
    <subfield code="r">2025-10-27 20:06:53</subfield>
    <subfield code="w">2025-10-27</subfield>
    <subfield code="y">R</subfield>
  </datafield>
  <datafield tag="952" ind1=" " ind2=" ">
    <subfield code="0">0</subfield>
    <subfield code="1">0</subfield>
    <subfield code="4">0</subfield>
    <subfield code="7">0</subfield>
    <subfield code="a">BP</subfield>
    <subfield code="b">BP</subfield>
    <subfield code="d">2025-10-27</subfield>
    <subfield code="i">017707</subfield>
    <subfield code="l">0</subfield>
    <subfield code="o">220.7 K28</subfield>
    <subfield code="p">017707</subfield>
    <subfield code="r">2025-10-27 20:06:53</subfield>
    <subfield code="w">2025-10-27</subfield>
    <subfield code="y">R</subfield>
  </datafield>
  <datafield tag="952" ind1=" " ind2=" ">
    <subfield code="0">0</subfield>
    <subfield code="1">0</subfield>
    <subfield code="4">0</subfield>
    <subfield code="7">0</subfield>
    <subfield code="a">BP</subfield>
    <subfield code="b">BP</subfield>
    <subfield code="d">2025-10-27</subfield>
    <subfield code="i">016445</subfield>
    <subfield code="l">0</subfield>
    <subfield code="o">220.7 K28</subfield>
    <subfield code="p">016445</subfield>
    <subfield code="r">2025-10-27 20:06:53</subfield>
    <subfield code="w">2025-10-27</subfield>
    <subfield code="y">R</subfield>
  </datafield>
  <datafield tag="952" ind1=" " ind2=" ">
    <subfield code="0">0</subfield>
    <subfield code="1">0</subfield>
    <subfield code="4">0</subfield>
    <subfield code="7">0</subfield>
    <subfield code="a">BP</subfield>
    <subfield code="b">BP</subfield>
    <subfield code="d">2025-10-27</subfield>
    <subfield code="i">014239</subfield>
    <subfield code="l">0</subfield>
    <subfield code="o">220.7 K28</subfield>
    <subfield code="p">014239</subfield>
    <subfield code="r">2025-10-27 20:06:53</subfield>
    <subfield code="w">2025-10-27</subfield>
    <subfield code="y">R</subfield>
  </datafield>
  <datafield tag="952" ind1=" " ind2=" ">
    <subfield code="0">0</subfield>
    <subfield code="1">0</subfield>
    <subfield code="4">0</subfield>
    <subfield code="7">0</subfield>
    <subfield code="a">BP</subfield>
    <subfield code="b">BP</subfield>
    <subfield code="d">2025-10-27</subfield>
    <subfield code="i">017708</subfield>
    <subfield code="l">0</subfield>
    <subfield code="o">220.7 K28</subfield>
    <subfield code="p">017708</subfield>
    <subfield code="r">2025-10-27 20:06:53</subfield>
    <subfield code="w">2025-10-27</subfield>
    <subfield code="y">R</subfield>
  </datafield>
  <datafield tag="952" ind1=" " ind2=" ">
    <subfield code="0">0</subfield>
    <subfield code="1">0</subfield>
    <subfield code="4">0</subfield>
    <subfield code="7">0</subfield>
    <subfield code="a">BP</subfield>
    <subfield code="b">BP</subfield>
    <subfield code="d">2025-10-27</subfield>
    <subfield code="i">017709</subfield>
    <subfield code="l">0</subfield>
    <subfield code="o">220.7 K28</subfield>
    <subfield code="p">017709</subfield>
    <subfield code="r">2025-10-27 20:06:53</subfield>
    <subfield code="w">2025-10-27</subfield>
    <subfield code="y">R</subfield>
  </datafield>
  <datafield tag="952" ind1=" " ind2=" ">
    <subfield code="0">0</subfield>
    <subfield code="1">0</subfield>
    <subfield code="4">0</subfield>
    <subfield code="7">0</subfield>
    <subfield code="a">BP</subfield>
    <subfield code="b">BP</subfield>
    <subfield code="d">2025-10-27</subfield>
    <subfield code="i">014240</subfield>
    <subfield code="l">0</subfield>
    <subfield code="o">220.7 K28</subfield>
    <subfield code="p">014240</subfield>
    <subfield code="r">2025-10-27 20:06:53</subfield>
    <subfield code="w">2025-10-27</subfield>
    <subfield code="y">R</subfield>
  </datafield>
  <datafield tag="952" ind1=" " ind2=" ">
    <subfield code="0">0</subfield>
    <subfield code="1">0</subfield>
    <subfield code="4">0</subfield>
    <subfield code="7">0</subfield>
    <subfield code="a">BP</subfield>
    <subfield code="b">BP</subfield>
    <subfield code="d">2025-10-27</subfield>
    <subfield code="i">016446</subfield>
    <subfield code="l">0</subfield>
    <subfield code="o">220.7 K28</subfield>
    <subfield code="p">016446</subfield>
    <subfield code="r">2025-10-27 20:06:53</subfield>
    <subfield code="w">2025-10-27</subfield>
    <subfield code="y">R</subfield>
  </datafield>
  <datafield tag="952" ind1=" " ind2=" ">
    <subfield code="0">0</subfield>
    <subfield code="1">0</subfield>
    <subfield code="4">0</subfield>
    <subfield code="7">0</subfield>
    <subfield code="a">BP</subfield>
    <subfield code="b">BP</subfield>
    <subfield code="d">2025-10-27</subfield>
    <subfield code="i">014241</subfield>
    <subfield code="l">0</subfield>
    <subfield code="o">220.7 K28</subfield>
    <subfield code="p">014241</subfield>
    <subfield code="r">2025-10-27 20:06:53</subfield>
    <subfield code="w">2025-10-27</subfield>
    <subfield code="y">R</subfield>
  </datafield>
  <datafield tag="952" ind1=" " ind2=" ">
    <subfield code="0">0</subfield>
    <subfield code="1">0</subfield>
    <subfield code="4">0</subfield>
    <subfield code="7">0</subfield>
    <subfield code="a">BP</subfield>
    <subfield code="b">BP</subfield>
    <subfield code="d">2025-10-27</subfield>
    <subfield code="i">016447</subfield>
    <subfield code="l">0</subfield>
    <subfield code="o">220.7 K28</subfield>
    <subfield code="p">016447</subfield>
    <subfield code="r">2025-10-27 20:06:53</subfield>
    <subfield code="w">2025-10-27</subfield>
    <subfield code="y">R</subfield>
  </datafield>
  <datafield tag="952" ind1=" " ind2=" ">
    <subfield code="0">0</subfield>
    <subfield code="1">0</subfield>
    <subfield code="4">0</subfield>
    <subfield code="7">0</subfield>
    <subfield code="a">BP</subfield>
    <subfield code="b">BP</subfield>
    <subfield code="d">2025-10-27</subfield>
    <subfield code="i">016448</subfield>
    <subfield code="l">0</subfield>
    <subfield code="o">220.7 K28</subfield>
    <subfield code="p">016448</subfield>
    <subfield code="r">2025-10-27 20:06:53</subfield>
    <subfield code="w">2025-10-27</subfield>
    <subfield code="y">R</subfield>
  </datafield>
  <datafield tag="952" ind1=" " ind2=" ">
    <subfield code="0">0</subfield>
    <subfield code="1">0</subfield>
    <subfield code="4">0</subfield>
    <subfield code="7">0</subfield>
    <subfield code="a">BP</subfield>
    <subfield code="b">BP</subfield>
    <subfield code="d">2025-10-27</subfield>
    <subfield code="i">016449</subfield>
    <subfield code="l">0</subfield>
    <subfield code="o">220.7 K28</subfield>
    <subfield code="p">016449</subfield>
    <subfield code="r">2025-10-27 20:06:53</subfield>
    <subfield code="w">2025-10-27</subfield>
    <subfield code="y">R</subfield>
  </datafield>
  <datafield tag="952" ind1=" " ind2=" ">
    <subfield code="0">0</subfield>
    <subfield code="1">0</subfield>
    <subfield code="4">0</subfield>
    <subfield code="7">0</subfield>
    <subfield code="a">BP</subfield>
    <subfield code="b">BP</subfield>
    <subfield code="d">2025-10-27</subfield>
    <subfield code="i">016450</subfield>
    <subfield code="l">0</subfield>
    <subfield code="o">220.7 K28</subfield>
    <subfield code="p">016450</subfield>
    <subfield code="r">2025-10-27 20:06:53</subfield>
    <subfield code="w">2025-10-27</subfield>
    <subfield code="y">R</subfield>
  </datafield>
  <datafield tag="952" ind1=" " ind2=" ">
    <subfield code="0">0</subfield>
    <subfield code="1">0</subfield>
    <subfield code="4">0</subfield>
    <subfield code="7">0</subfield>
    <subfield code="a">BP</subfield>
    <subfield code="b">BP</subfield>
    <subfield code="d">2025-10-27</subfield>
    <subfield code="i">016451</subfield>
    <subfield code="l">0</subfield>
    <subfield code="o">220.7 K28</subfield>
    <subfield code="p">016451</subfield>
    <subfield code="r">2025-10-27 20:06:53</subfield>
    <subfield code="w">2025-10-27</subfield>
    <subfield code="y">R</subfield>
  </datafield>
  <datafield tag="952" ind1=" " ind2=" ">
    <subfield code="0">0</subfield>
    <subfield code="1">0</subfield>
    <subfield code="4">0</subfield>
    <subfield code="7">0</subfield>
    <subfield code="a">BP</subfield>
    <subfield code="b">BP</subfield>
    <subfield code="d">2025-10-27</subfield>
    <subfield code="i">016452</subfield>
    <subfield code="l">0</subfield>
    <subfield code="o">220.7 K28</subfield>
    <subfield code="p">016452</subfield>
    <subfield code="r">2025-10-27 20:06:53</subfield>
    <subfield code="w">2025-10-27</subfield>
    <subfield code="y">R</subfield>
  </datafield>
  <datafield tag="952" ind1=" " ind2=" ">
    <subfield code="0">0</subfield>
    <subfield code="1">0</subfield>
    <subfield code="4">0</subfield>
    <subfield code="7">0</subfield>
    <subfield code="a">BP</subfield>
    <subfield code="b">BP</subfield>
    <subfield code="d">2025-10-27</subfield>
    <subfield code="i">016453</subfield>
    <subfield code="l">0</subfield>
    <subfield code="o">220.7 K28</subfield>
    <subfield code="p">016453</subfield>
    <subfield code="r">2025-10-27 20:06:53</subfield>
    <subfield code="w">2025-10-27</subfield>
    <subfield code="y">R</subfield>
  </datafield>
  <datafield tag="952" ind1=" " ind2=" ">
    <subfield code="0">0</subfield>
    <subfield code="1">0</subfield>
    <subfield code="4">0</subfield>
    <subfield code="7">0</subfield>
    <subfield code="a">BP</subfield>
    <subfield code="b">BP</subfield>
    <subfield code="d">2025-10-27</subfield>
    <subfield code="i">016454</subfield>
    <subfield code="l">0</subfield>
    <subfield code="o">220.7 K28</subfield>
    <subfield code="p">016454</subfield>
    <subfield code="r">2025-10-27 20:06:53</subfield>
    <subfield code="w">2025-10-27</subfield>
    <subfield code="y">R</subfield>
  </datafield>
  <datafield tag="952" ind1=" " ind2=" ">
    <subfield code="0">0</subfield>
    <subfield code="1">0</subfield>
    <subfield code="4">0</subfield>
    <subfield code="7">0</subfield>
    <subfield code="a">BP</subfield>
    <subfield code="b">BP</subfield>
    <subfield code="d">2025-10-27</subfield>
    <subfield code="i">016455</subfield>
    <subfield code="l">0</subfield>
    <subfield code="o">220.7 K28</subfield>
    <subfield code="p">016455</subfield>
    <subfield code="r">2025-10-27 20:06:53</subfield>
    <subfield code="w">2025-10-27</subfield>
    <subfield code="y">R</subfield>
  </datafield>
  <datafield tag="952" ind1=" " ind2=" ">
    <subfield code="0">0</subfield>
    <subfield code="1">0</subfield>
    <subfield code="4">0</subfield>
    <subfield code="7">0</subfield>
    <subfield code="a">BP</subfield>
    <subfield code="b">BP</subfield>
    <subfield code="d">2025-10-27</subfield>
    <subfield code="i">016456</subfield>
    <subfield code="l">0</subfield>
    <subfield code="o">220.7 K28</subfield>
    <subfield code="p">016456</subfield>
    <subfield code="r">2025-10-27 20:06:53</subfield>
    <subfield code="w">2025-10-27</subfield>
    <subfield code="y">R</subfield>
  </datafield>
  <datafield tag="952" ind1=" " ind2=" ">
    <subfield code="0">0</subfield>
    <subfield code="1">0</subfield>
    <subfield code="4">0</subfield>
    <subfield code="7">0</subfield>
    <subfield code="a">BP</subfield>
    <subfield code="b">BP</subfield>
    <subfield code="d">2025-10-27</subfield>
    <subfield code="i">016457</subfield>
    <subfield code="l">0</subfield>
    <subfield code="o">220.7 K28</subfield>
    <subfield code="p">016457</subfield>
    <subfield code="r">2025-10-27 20:06:53</subfield>
    <subfield code="w">2025-10-27</subfield>
    <subfield code="y">R</subfield>
  </datafield>
  <datafield tag="952" ind1=" " ind2=" ">
    <subfield code="0">0</subfield>
    <subfield code="1">0</subfield>
    <subfield code="4">0</subfield>
    <subfield code="7">0</subfield>
    <subfield code="a">BP</subfield>
    <subfield code="b">BP</subfield>
    <subfield code="d">2025-10-27</subfield>
    <subfield code="i">014238</subfield>
    <subfield code="l">0</subfield>
    <subfield code="o">220.7 K28</subfield>
    <subfield code="p">014238</subfield>
    <subfield code="r">2025-10-27 20:06:53</subfield>
    <subfield code="w">2025-10-27</subfield>
    <subfield code="y">R</subfield>
  </datafield>
</record>
